Szczegóły MARC21

Dictionnaire de la langue française : lexis /

003 -Nazwa inst., której nr kontr. jest w polu 001 [,]
    • @
    • Nazwa instytucji, której n kontrolny jest w polu 001
    • NUKAT
005 -DATA I CZAS OSTATNIEJ MODYFIKACJI [,]
    • @
    • pole kontrolne
    • 20241231110834.0
020 -Międzynarod. znormalizowany nr książki - ISBN [ , ]
    • a
    • Numer ISBN
    • 2033202194 Find
040 -Instytucja sporządzająca opis [ , ]
    • a
    • Instytucja, która sporządziła opis (NP)
    • TOR U/lf
    • b
    • Język katalogowania
    • pol
    • e
    • Zasady katalogowania
    • rda
    • c
    • Instytucja, która sporządziła rekord (NP)
    • TOR U/lf
    • d
    • Instytucja, która zmodyfikowała rekord (P)
    • TOR U/LF
    • d
    • Instytucja, która zmodyfikowała rekord (P)
    • BSTOK U/LUs
    • d
    • Instytucja, która zmodyfikowała rekord (P)
    • SZCZ U/JS
942 -Rodzaj dokumentu [ , ]
    • c
    • Rodzaj dokumentu
    • Książka
245 -Strefa tytułu i oznaczenia odpowiedzialności [0,0]
    • a
    • Tytuł
    • Dictionnaire de la langue française : Find
    • b
    • Ciąg dalszy tytułu (NP)
    • lexis / Find
    • c
    • Pozostałe elementy strefy tytułu i oznaczenia odpowiedzialności (NP)
    • direction de Jean Dubois.
250 -Strefa wydania [ , ]
    • a
    • Oznaczenie wydania (NP)
    • Édition revue et corrigée.
260 -Strefa adresu wydawniczego [ , ]
    • a
    • Miejsce wydania (P)
    • Paris :
    • b
    • Nazwa wydawcy (P)
    • Larousse,
    • c
    • Data wydania (P)
    • 1992.
300 -Strefa opisu fizycznego [ , ]
    • a
    • Określenie formy książki i/lub objętość (NP)
    • XVI, 2109 stron :
    • b
    • Oznaczenie ilustracji (NP)
    • ilustracje ;
    • c
    • Format (NP)
    • 24 cm.
336 -Typ zawartości [ , ]
    • a
    • Termin opisujący typ zawartości
    • Tekst
    • b
    • Kod określający zawartość
    • txt
    • 2
    • Źródło (terminu i kodu)
    • rdacontent
337 -Typ mediów [ , ]
    • a
    • Tryb odtwarzania
    • Bez urządzenia pośredniczącego
    • b
    • Kod typu mediów
    • n
    • 2
    • Źródło (terminu i kodu)
    • rdamedia
338 -Typ/rodzaj nośnika [ , ]
    • a
    • Hasło opisujące typ nośnika
    • Wolumin
    • b
    • Kod typu nośnika
    • nc
    • 2
    • Źródło (terminu i kodu)
    • rdacarrier
650 -Hasło przedmiotowe [ ,7]
    • a
    • Hasło przedmiotowe
    • Język francuski
    • v
    • Określnik formalny
    • słowniki.
    • 2
    • Źródło terminu
    • kaba
    • 9
    • KHW
    • 113131
700 -Hasło dodatkowe - nazwa osobowa [1, ]
    • a
    • Nazwa osobowa (NP)
    • Dubois, Jean Find
    • d
    • Daty biograficzne (NP)
    • (1920-2015).
    • e
    • Określenie rodzaju współpracy
    • Redakcja
    • 9
    • KHW
    • 7945
710 -Hasło dodatkowe - nazwa ciała zbiorowego [2, ]
    • a
    • Nazwa ciała zbiorowego lub nazwa geograficzna jako pierwszy element (NP)
    • Larousse.
    • e
    • Rodzaj współpracy
    • Wydawca
    • 4
    • Kod relacji
    • pbl
    • 9
    • KHW
    • 80460
920 -ISBN [ , ]
    • a
    • ISBN
    • 2-03-320219-4 Find
Sygnatura Status udost. Lokalizacja Data inwentaryzacji Numer inwentarzowy
FR. Słowniki języka franc. 131BM1997-12-15A.4893
Fr. Nauka j. fr.-słowniki 04-3BM2020-01-14BC.13374